[Event "Swiss Queens Wed #6"]
[Site "FIDE Online Arena INT"]
[Date "2024.03.06"]
[Round "11"]
[White "Bubnova, Uliana"]
[Black "Travkina, Anastasia"]
[Result "0-1"]
[WhiteElo "1844"]
[BlackElo "2202"]
[PlyCount "84"]
[EventDate "2024.03.06"]
[EventType "swiss (blitz)"]
[EventRounds "11"]
[EventCountry "NET"]
[SourceTitle "CB11_2024"]
[SourceDate "2024.03.13"]
[SourceVersion "1"]
[SourceVersionDate "2024.03.13"]
[SourceQuality "1"]

1. e4 c5 2. Nf3 d6 3. d4 cxd4 4. Qxd4 Nc6 5. Bb5 Bd7 6. Bxc6 Bxc6 7. Nc3 h6 8. Be3 e5 9. Qd3 Nf6 10. 0-0-0 Qd7 11. h3 b5 12. g4 Qb7 13. Nd5 Bxd5 14. exd5 e4 15. Qd4 exf3 16. g5 hxg5 17. Bxg5 Be7 18. Rhg1 0-0-0 19. Rd3 Kb8 20. Rb3 a6 21. a4 Nxd5 22. Bxe7 Nxe7 23. axb5 a5 24. b6 Nf5 25. Qa4 Qa6 26. Rb5 Rh4 27. Rg4 Rxg4 28. hxg4 Nd4 29. Rxa5 Qf1+ 30. Kd2 Qxf2+ 31. Kc3 Rc8+ 32. Kb4 Nxc2+ 33. Kb3 Qe3+ 34. Ka2 Qe6+ 35. Kb1 Qe1+ 36. Ka2 Qa1+ 37. Kb3 Qxa4+ 38. Rxa4 Ne1 39. Rf4 f6 40. Kb4 Kb7 41. Re4 f2 42. Rf4 Nd3+ 0-1

[Event "Swiss Queens Wed #6"]
[Site "FIDE Online Arena INT"]
[Date "2024.03.06"]
[Round "8"]
[White "Kindipan, Zyralle"]
[Black "Bubnova, Uliana"]
[Result "0-1"]
[WhiteElo "1645"]
[BlackElo "1844"]
[PlyCount "120"]
[EventDate "2024.03.06"]
[EventType "swiss (blitz)"]
[EventRounds "11"]
[EventCountry "NET"]
[SourceTitle "CB11_2024"]
[SourceDate "2024.03.13"]
[SourceVersion "1"]
[SourceVersionDate "2024.03.13"]
[SourceQuality "1"]

1. d4 Nf6 2. Bf4 d5 3. Nc3 c6 4. e3 g6 5. Nf3 Bg7 6. h3 0-0 7. Be2 Nbd7 8. 0-0 Nh5 9. Bh2 Re8 10. Ne5 Nxe5 11. Bxh5 Nc4 12. b3 Nb6 13. Bg4 Bxg4 14. Qxg4 Nd7 15. Rad1 e5 16. Ne2 Nf6 17. Qf3 e4 18. Qf4 Qa5 19. a4 Rad8 20. Qc7 Qb4 21. c3 Qxb3 22. Rb1 Qc2 23. Rfe1 Rd7 24. Qa5 Qa2 25. Qxa7 Qc4 26. Rxb7 Rxb7 27. Qxb7 Qxa4 28. Rb1 h5 29. Be5 Qc2 30. Qb2 Qd3 31. Nf4 Qa6 32. Qb6 Qa4 33. Rb4 Qa1+ 34. Kh2 Qxc3 35. Rb3 Qc2 36. Rb2 Qa4 37. Bd6 Nd7 38. Qb7 Nf8 39. Bc5 Ne6 40. Bd6 Nxf4 41. Bxf4 c5 42. Qb5 Qa7 43. Rc2 Rc8 44. dxc5 Rxc5 45. Qe8+ Kh7 46. Rxc5 Qxc5 47. Qxf7 d4 48. Kg3 dxe3 49. fxe3 Kh8 50. Kh2 Qb6 51. Qe8+ Kh7 52. Qf7 Qc5 53. h4 Qa5 54. Kh3 Qc5 55. Bg5 Qc8+ 56. Kh2 Qc6 57. Kh3 Kh8 58. Kh2 Be5+ 59. Kh3 Qc8+ 60. g4 Qxg4# 0-1

[Event "Ufa Penzina Memorial"]
[Site "Ufa"]
[Date "2023.08.06"]
[Round "1"]
[White "Kovanova, Baira"]
[Black "Bubnova, Uliana"]
[Result "1-0"]
[WhiteElo "2309"]
[BlackElo "1675"]
[PlyCount "65"]
[EventDate "2023.08.06"]
[EventType "swiss"]
[EventRounds "9"]
[EventCountry "RUS"]
[SourceTitle "CBM 215 Extra"]
[Source "ChessBase"]
[SourceDate "2023.09.30"]
[SourceVersion "1"]
[SourceVersionDate "2023.09.30"]
[SourceQuality "1"]

1. e4 e5 2. Nf3 Nc6 3. Bb5 a6 4. Ba4 Nf6 5. 0-0 Be7 6. d3 b5 7. Bb3 0-0 8. a4 Bb7 9. Re1 d6 10. Nbd2 Re8 11. Nf1 Bf8 12. Ng3 g6 13. c3 Bg7 14. h3 Qd7 15. Bd2 Nd8 16. Qc1 d5 17. Bh6 Bh8 18. axb5 axb5 19. Rxa8 Bxa8 20. Qa1 Bc6 21. Qa7 Nb7 22. Rd1 Nd6 23. Qc5 Nb7 24. Qe3 Qd8 25. Qa7 Qd6 26. d4 dxe4 27. dxe5 Qxd1+ 28. Bxd1 exf3 29. Bxf3 Nd5 30. Qa6 Nd8 31. Bg5 Bb7 32. Qa7 Bc6 33. Qc5 1-0

[Event "Satka Autumn op (Women)"]
[Site "Satka"]
[Date "2022.09.02"]
[Round "4"]
[White "Vanishvili, Mari"]
[Black "Bubnova, Uliana"]
[Result "1-0"]
[WhiteElo "1921"]
[BlackElo "1379"]
[PlyCount "117"]
[EventDate "2022.08.30"]
[EventType "swiss"]
[EventRounds "9"]
[EventCountry "RUS"]
[SourceTitle "CBM 210 Extra"]
[Source "ChessBase"]
[SourceDate "2022.11.30"]
[SourceVersion "1"]
[SourceVersionDate "2022.11.30"]
[SourceQuality "1"]

1. e4 e6 2. d4 d5 3. e5 c5 4. c3 Qb6 5. Nf3 Nc6 6. a3 Nh6 7. b4 cxd4 8. cxd4 Nf5 9. Bb2 Be7 10. Nc3 0-0 11. Na4 Qd8 12. Rc1 Bd7 13. Nc5 Bxc5 14. dxc5 Nh4 15. Nxh4 Qxh4 16. Bd3 Qg5 17. 0-0 Ne7 18. f4 Qh4 19. Rf3 Ng6 20. g3 Qd8 21. b5 Rc8 22. Bd4 Qa5 23. a4 a6 24. Bc3 Qc7 25. Bb4 axb5 26. axb5 Rfd8 27. Ra1 Ra8 28. Rf1 Be8 29. Qd2 Ne7 30. Rfc1 Rxa1 31. Rxa1 Nf5 32. g4 Nd4 33. Bxh7+ Kxh7 34. Qxd4 Qd7 35. c6 bxc6 36. Ra7 Qc8 37. b6 Rd7 38. Ra3 Rb7 39. Rh3+ Kg8 40. Qc5 Bd7 41. Qe7 Qa8 42. Ra3 Qc8 43. Qh4 c5 44. Rh3 Kf8 45. Qh8+ Ke7 46. Qxg7 Be8 47. Rc3 Qa8 48. Rxc5 Kd7 49. Ba5 Qa6 50. Qf8 Rxb6 51. Bxb6 Qxb6 52. Qd6+ Qxd6 53. exd6 Kxd6 54. Rc1 f6 55. h4 e5 56. f5 Bf7 57. h5 e4 58. h6 Bg8 59. Rc8 1-0

[Event "EU-ch Hybrid U10 Girls"]
[Site "Tornelo INT"]
[Date "2021.10.15"]
[Round "5"]
[White "Bubnova, Uliana"]
[Black "Bashirli, Saadat"]
[Result "0-1"]
[WhiteElo "1333"]
[BlackElo "1284"]
[PlyCount "124"]
[EventDate "2021.10.15"]
[EventType "swiss"]
[EventRounds "9"]
[EventCountry "NET"]
[SourceTitle "EXT 2023"]
[Source "ChessBase"]
[SourceDate "2022.10.05"]
[SourceVersion "1"]
[SourceVersionDate "2022.10.05"]
[SourceQuality "1"]
[WhiteTeam "Russia"]
[BlackTeam "Azerbaijan"]
[WhiteTeamCountry "RUS"]
[BlackTeamCountry "AZE"]

1. e4 c5 2. Nf3 g6 3. d4 cxd4 4. Nxd4 Nc6 5. c4 Nf6 6. Nc3 Nxd4 7. Qxd4 d6 8. Be3 Bg7 9. f3 Be6 10. Be2 0-0 11. Qd2 Re8 12. 0-0 Bd7 13. Rac1 a5 14. Nd5 Nxd5 15. cxd5 b5 16. Bd4 Bxd4+ 17. Qxd4 a4 18. a3 Qa5 19. Kh1 Rec8 20. Qe3 b4 21. Rxc8+ Rxc8 22. Qd2 Rb8 23. Bc4 Qc5 24. Rc1 bxa3 25. bxa3 Qxa3 26. Rg1 Qb2 27. Qa5 a3 28. h3 Qb4 29. Qc7 Qb7 30. Qxb7 Rxb7 31. Ra1 Ra7 32. Kg1 Kf8 33. Kf2 Ke8 34. Ke3 Kd8 35. Kd3 Kc7 36. Kc3 Kb6 37. f4 Kc5 38. Rc1 Bb5 39. Ba2 Kb6 40. Rb1 Ra4 41. Re1 Kc5 42. g3 Rd4 43. Re3 Rd1 44. Kc2 Ba4+ 45. Kc3 Rc1+ 46. Kd3 Ra1 47. Bc4 Rd1+ 48. Ke2 Kxc4 49. Rxa3 Bc2 50. Ra7 Rd4 51. Rc7+ Kb3 52. Rb7+ Rb4 53. Rxb4+ Kxb4 54. Ke3 Kc4 55. g4 f6 56. h4 h6 57. f5 g5 58. h5 Kc3 59. e5 dxe5 60. Ke2 Kd4 61. Kd2 Bb3 62. Ke2 Kxd5 0-1

[Event "EU-ch Hybrid U10 Girls"]
[Site "Tornelo INT"]
[Date "2021.10.15"]
[Round "2"]
[White "Igreja, Mariana"]
[Black "Bubnova, Uliana"]
[Result "0-1"]
[WhiteElo "1145"]
[BlackElo "1333"]
[PlyCount "56"]
[EventDate "2021.10.15"]
[EventType "swiss"]
[EventRounds "9"]
[EventCountry "NET"]
[SourceTitle "EXT 2023"]
[Source "ChessBase"]
[SourceDate "2022.10.05"]
[SourceVersion "1"]
[SourceVersionDate "2022.10.05"]
[SourceQuality "1"]
[WhiteTeam "Portugal"]
[BlackTeam "Russia"]
[WhiteTeamCountry "POR"]
[BlackTeamCountry "RUS"]

1. e4 c5 2. Nf3 Nc6 3. d4 cxd4 4. Nxd4 g6 5. Bc4 Bg7 6. Be3 Nf6 7. Nc3 Qa5 8. 0-0 0-0 9. Qd2 Ng4 10. Rad1 Nxd4 11. Bxd4 Qc7 12. g3 Qxc4 13. b3 Qc6 14. Nd5 Qd6 15. Qg5 Nf6 16. Rfe1 Nxd5 17. exd5 Re8 18. Re4 f6 19. Qe3 b6 20. Rh4 Qxd5 21. Re1 Bb7 22. Re4 Qxe4 23. Qxe4 Bxe4 24. Rxe4 f5 25. Rh4 Bxd4 26. Rxd4 d6 27. c4 Kf7 28. Kg2 Rad8 0-1

[Event "EU-ch Hybrid U10 Girls"]
[Site "Tornelo INT"]
[Date "2021.10.15"]
[Round "6"]
[White "Zhou, Leyi Charlotte"]
[Black "Bubnova, Uliana"]
[Result "1-0"]
[WhiteElo "1199"]
[BlackElo "1333"]
[PlyCount "111"]
[EventDate "2021.10.15"]
[EventType "swiss"]
[EventRounds "9"]
[EventCountry "NET"]
[SourceTitle "EXT 2023"]
[Source "ChessBase"]
[SourceDate "2022.10.05"]
[SourceVersion "1"]
[SourceVersionDate "2022.10.05"]
[SourceQuality "1"]
[WhiteTeam "Germany"]
[BlackTeam "Russia"]
[WhiteTeamCountry "GER"]
[BlackTeamCountry "RUS"]

1. e4 c5 2. Nf3 Nc6 3. c4 g6 4. d4 cxd4 5. Nxd4 Bg7 6. Be3 Nf6 7. Nc3 Ng4 8. Nxc6 Nxe3 9. Nxd8 Nxd1 10. Rxd1 Kxd8 11. Be2 b6 12. 0-0 h5 13. Rd3 d6 14. Rfd1 Bb7 15. f4 Bxc3 16. Rxc3 Bxe4 17. c5 bxc5 18. Rxc5 Rc8 19. Ra5 Rc2 20. Bd3 Rxg2+ 21. Kf1 Bb7 22. Rb5 Rxh2 23. Rxb7 Rh1+ 24. Ke2 Rxd1 25. Kxd1 Rh7 26. Rxa7 h4 27. Ra8+ Kd7 28. Ra7+ Ke6 29. Bc4+ Kf5 30. Rxe7 h3 31. Bd5 Kxf4 32. Ke2 g5 33. Re4+ Kg3 34. Re3+ Kh4 35. Kf2 f5 36. Rf3 Rc7 37. Rxf5 Rc2+ 38. Ke3 g4 39. b4 Rb2 40. Rf4 Rb1 41. Bf3 Rg1 42. Kf2 h2 43. b5 Kh3 44. Rxg4 h1Q 45. Bxh1 Rxg4 46. b6 Ra4 47. Bd5 Kg4 48. b7 Rb4 49. a4 Kf4 50. a5 Ke5 51. Bc6 d5 52. a6 Rb2+ 53. Ke3 d4+ 54. Kd3 Rb3+ 55. Kc2 Rc3+ 56. Kd2 1-0